000 00986nam a2200265 i 4500
001 175395
003 ES-MaACL
005 20250731063046.0
007 t|
008 101026s1973 sp o r ||||1| spa d
020 _a84-369-0292-0
080 _a78 Esplá, Óscar
080 _a929 Esplá, Óscar
100 1 _aIglesias, Antonio,
_d1918-2011
_9157818
245 1 0 _aÓscar Esplá /
_cAntonio Iglesias.
260 _a[Madrid :
_bServicio de Publicaciones del Ministerio de Educación y Ciencia, Secretaría General Técnica,
_c1973]
300 _a62 p. :
_bfot. bl. y n. ;
_c17 cm.
490 1 _aArtistas españoles contemporáneos. Músicos ;
_v56
504 _aBibliografía: p. 61-62.
600 1 7 _aEsplá, Óscar,
_d1886-1976
_2embne
_9138265
710 1 _aEspaña.
_bMinisterio de Educación y Ciencia.
_93864
830 0 _aArtistas españoles contemporáneos. Músicos ;
_v56
_9184415
852 _aES-MaACL
_j2261-F-56
_xOlim P-1916
999 _c175395
_d175395